[Event "Karl Mala Memorial op 10th"]
[Site "Griesheim"]
[Date "2006.07.23"]
[Round "6"]
[White "Popovic, Nathalie"]
[Black "Guenzler, Richard"]
[Result "0-1"]
[WhiteElo "1505"]
[BlackElo "1774"]
[PlyCount "76"]
[EventDate "2006.07.20"]
[EventType "swiss"]
[EventRounds "7"]
[EventCountry "GER"]
[SourceTitle "CBM 113 Extra"]
[Source "ChessBase"]
[SourceDate "2006.09.14"]
[SourceVersion "1"]
[SourceVersionDate "2006.09.14"]
[SourceQuality "1"]

1. d4 Nf6 2. c4 g6 3. Nc3 d5 4. Nf3 Bg7 5. g3 0-0 6. Bg2 c5 7. 0-0 dxc4 8. dxc5 Qa5 9. Qa4 Qxa4 10. Nxa4 Bd7 11. Nc3 Bc6 12. Ne5 Bxg2 13. Kxg2 Rc8 14. Rd1 Na6 15. Nxc4 Nxc5 16. Ne3 Rd8 17. Rb1 Nfe4 18. Nxe4 Nxe4 19. f3 Nc5 20. Re1 Rd6 21. Nc4 Ra6 22. Be3 Ne6 23. a3 Rc8 24. Rec1 Nd4 25. Bxd4 Bxd4 26. b4 Rac6 27. Rd1 Rxc4 28. Rb3 Bf6 29. Rd7 R8c7 30. Rbd3 Rc3 31. Rd8+ Kg7 32. Rxc3 Rxc3 33. Rd7 Rxa3 34. Rxb7 e6 35. b5 Bd4 36. Rd7 Bb6 37. Rd3 Ra2 38. Kf1 Rb2 0-1

[Event "Karl Mala Memorial op 10th"]
[Site "Griesheim"]
[Date "2006.07.21"]
[Round "2"]
[White "Kickert, Germaine Helene"]
[Black "Popovic, Nathalie"]
[Result "1/2-1/2"]
[WhiteElo "1922"]
[BlackElo "1505"]
[PlyCount "74"]
[EventDate "2006.07.20"]
[EventType "swiss"]
[EventRounds "7"]
[EventCountry "GER"]
[SourceTitle "CBM 113 Extra"]
[Source "ChessBase"]
[SourceDate "2006.09.14"]
[SourceVersion "1"]
[SourceVersionDate "2006.09.14"]
[SourceQuality "1"]

1. e4 e6 2. d4 d5 3. Nc3 Bb4 4. e5 c5 5. a3 Bxc3+ 6. bxc3 Qa5 7. Bd2 Qa4 8. Nf3 Nc6 9. Bf4 Nge7 10. Qd2 c4 11. h4 a6 12. h5 h6 13. Be2 Na7 14. Qc1 Nb5 15. Bd2 Bd7 16. Nh4 Rb8 17. Bg4 Qa5 18. Qb2 Na7 19. f4 b5 20. 0-0 Qb6 21. Bh3 Nac6 22. g4 a5 23. Nf3 Qc7 24. Rab1 Rb7 25. Nh4 Qb8 26. Kg2 Qc8 27. Rf3 0-0 28. f5 exf5 29. gxf5 Rb8 30. Qc1 Kh7 31. Qe1 Kg8 32. Qg3 Kh7 33. Rg1 Rg8 34. Kh2 Kh8 35. Re3 Nxf5 36. Bxf5 Bxf5 37. Rf3 Be6 1/2-1/2

[Event "Karl Mala Memorial op 10th"]
[Site "Griesheim"]
[Date "2006.07.20"]
[Round "1"]
[White "Donchenko, Irina"]
[Black "Popovic, Nathalie"]
[Result "1-0"]
[WhiteElo "2069"]
[BlackElo "1505"]
[PlyCount "49"]
[EventDate "2006.07.20"]
[EventType "swiss"]
[EventRounds "7"]
[EventCountry "GER"]
[SourceTitle "CBM 113 Extra"]
[Source "ChessBase"]
[SourceDate "2006.09.14"]
[SourceVersion "1"]
[SourceVersionDate "2006.09.14"]
[SourceQuality "1"]

1. d4 Nf6 2. Nf3 g6 3. c4 e6 4. Nc3 Bg7 5. e4 d5 6. e5 Ne4 7. Nxe4 dxe4 8. Ng5 c5 9. Nxe4 cxd4 10. Nd6+ Kf8 11. Qxd4 Nc6 12. Qc5 Qe7 13. f4 h5 14. Be3 Kg8 15. Be2 Kh7 16. 0-0 Rf8 17. Rad1 Rb8 18. Bf3 Bd7 19. Nxb7 Qxc5 20. Nxc5 Be8 21. b3 Ne7 22. Nd7 Bxd7 23. Rxd7 Nf5 24. Bxa7 Rbc8 25. Rfd1 1-0

[Event "Karl Mala Memorial op 09th"]
[Site "Frankfurt"]
[Date "2005.07.29"]
[Round "3"]
[White "Popovic, Nathalie"]
[Black "Sefeloge, Michael"]
[Result "0-1"]
[WhiteElo "1574"]
[BlackElo "1929"]
[PlyCount "104"]
[EventDate "2005.07.28"]
[EventType "swiss"]
[EventRounds "7"]
[EventCountry "GER"]
[SourceTitle "EXT 2006"]
[Source "ChessBase"]
[SourceDate "2005.11.24"]
[SourceVersion "1"]
[SourceVersionDate "2005.11.24"]
[SourceQuality "1"]

1. d4 d5 2. c4 e6 3. Nf3 Nf6 4. g3 b6 5. Bg2 Bb7 6. 0-0 Be7 7. Qc2 0-0 8. Nc3 dxc4 9. Qa4 c5 10. Rd1 Qc8 11. Qxc4 Rd8 12. Bg5 Nbd7 13. Qa4 h6 14. Bxf6 Nxf6 15. Rac1 Bc6 16. Qb3 Qb7 17. dxc5 Bxc5 18. Qc2 Nd5 19. Na4 Bxa4 20. Qxa4 Rac8 21. Ne1 b5 22. Qg4 Bxf2+ 23. Kh1 Rxc1 24. Rxc1 Bxe1 25. Rxe1 Qb6 26. Qf3 Qd4 27. e4 Nf6 28. Qe2 Qd2 29. Bf3 Qa5 30. e5 Rd2 31. Qe3 Nd5 32. Bxd5 Rxd5 33. a3 Qd2 34. Qe2 a5 35. Kg1 g5 36. Qf2 Qd4 37. Qxd4 Rxd4 38. Re2 Kg7 39. Kf2 Kg6 40. Ke3 Rd5 41. Kf3 h5 42. h3 Rd3+ 43. Kg2 Kf5 44. Rf2+ Kxe5 45. Rxf7 Rd2+ 46. Rf2 Rxf2+ 47. Kxf2 Ke4 48. Ke2 a4 49. h4 gxh4 50. gxh4 Kf4 51. Kf2 Kg4 52. Ke3 Kxh4 0-1

[Event "Karl Mala Memorial op 09th"]
[Site "Frankfurt"]
[Date "2005.07.28"]
[Round "1"]
[White "Popovic, Nathalie"]
[Black "Orwatsch, Gerhard"]
[Result "0-1"]
[WhiteElo "1574"]
[BlackElo "2093"]
[PlyCount "64"]
[EventDate "2005.07.28"]
[EventType "swiss"]
[EventRounds "7"]
[EventCountry "GER"]
[SourceTitle "EXT 2006"]
[Source "ChessBase"]
[SourceDate "2005.11.24"]
[SourceVersion "1"]
[SourceVersionDate "2005.11.24"]
[SourceQuality "1"]

1. d4 g6 2. c4 Bg7 3. Nc3 c5 4. Nf3 cxd4 5. Nxd4 Nc6 6. e3 Nf6 7. g3 d6 8. Bg2 Bd7 9. 0-0 0-0 10. Qe2 Qc8 11. Rd1 Bg4 12. Bf3 Bxf3 13. Nxf3 Nd7 14. Qc2 Nde5 15. Nxe5 Nxe5 16. Nd5 Re8 17. c5 dxc5 18. Nf4 Qc6 19. Rb1 Nf3+ 20. Kf1 Nxh2+ 21. Kg1 Nf3+ 22. Kf1 Rad8 23. b3 e5 24. Ne2 Ng5 25. Nc3 Rxd1+ 26. Qxd1 Qh1+ 27. Ke2 Qxd1+ 28. Kxd1 e4 29. Bb2 f5 30. Ne2 Rd8+ 31. Ke1 Nf3+ 32. Kf1 Nd2+ 0-1

[Event "GER-ch U16 Girls"]
[Site "Willingen"]
[Date "2005.05.17"]
[Round "5"]
[White "Popovic, Nathalie"]
[Black "Czygan, Dana"]
[Result "0-1"]
[WhiteElo "1591"]
[BlackElo "1603"]
[PlyCount "74"]
[EventDate "2005.05.14"]
[EventType "swiss"]
[EventRounds "9"]
[EventCountry "GER"]
[SourceTitle "CBM 106 Extra"]
[Source "ChessBase"]
[SourceDate "2005.07.01"]
[SourceVersion "1"]
[SourceVersionDate "2005.07.01"]
[SourceQuality "1"]

1. d4 Nf6 2. c4 g6 3. Nc3 Bg7 4. e4 d6 5. Nf3 c5 6. d5 Na6 7. Be2 Nc7 8. 0-0 0-0 9. Be3 Nd7 10. Qd2 a6 11. Bh6 Rb8 12. Bxg7 Kxg7 13. a4 Nf6 14. Rab1 a5 15. Bd3 Na6 16. Na2 Qb6 17. b3 Bg4 18. Nh4 Rbd8 19. f4 Nb4 20. e5 dxe5 21. fxe5 Nfxd5 22. Be4 Nc7 23. Qf2 Nxa2 24. Qxa2 Be6 25. Qf2 Rd4 26. Bc2 Rfd8 27. Nf3 R4d7 28. Ng5 Rd2 29. Nxe6+ Qxe6 30. Qxc5 Na6 31. Qxa5 R8d4 32. Rbc1 Qg4 33. Rf2 Rxf2 34. Kxf2 Qf4+ 35. Ke2 Qxc1 36. Qc3 Re4+ 37. Kf3 Qf4# 0-1

[Event "GER-ch U16 Girls"]
[Site "Willingen"]
[Date "2005.05.15"]
[Round "3"]
[White "Popovic, Nathalie"]
[Black "Tovmasian, Nelli"]
[Result "0-1"]
[WhiteElo "1591"]
[BlackElo "1832"]
[PlyCount "44"]
[EventDate "2005.05.14"]
[EventType "swiss"]
[EventRounds "9"]
[EventCountry "GER"]
[SourceTitle "CBM 106 Extra"]
[Source "ChessBase"]
[SourceDate "2005.07.01"]
[SourceVersion "1"]
[SourceVersionDate "2005.07.01"]
[SourceQuality "1"]

1. d4 Nf6 2. c4 c5 3. d5 b5 4. cxb5 a6 5. bxa6 g6 6. Nc3 Bxa6 7. Nf3 Bg7 8. g3 d6 9. Bg2 0-0 10. 0-0 Nbd7 11. Re1 Qa5 12. e4 Ng4 13. Bh3 Nge5 14. Nxe5 Nxe5 15. Bf1 Bxf1 16. Rxf1 Rfb8 17. Qe2 c4 18. Rd1 Qa6 19. Rb1 Nd3 20. Qd2 Qa5 21. Ne2 Qxa2 22. Qc2 Nb4 0-1

[Event "Hessen-ch U14/18 Girls"]
[Site "Bad Homburg"]
[Date "2005.??.??"]
[Round "2"]
[White "Popovic, Nathalie"]
[Black "Marusic, Carolin"]
[Result "1-0"]
[WhiteElo "1560"]
[BlackElo "1179"]
[PlyCount "55"]
[EventDate "2005.04.??"]
[EventType "swiss"]
[EventRounds "8"]
[EventCountry "GER"]
[SourceTitle "EXT 2007"]
[Source "ChessBase"]
[SourceDate "2006.11.23"]
[SourceVersion "1"]
[SourceVersionDate "2006.11.23"]
[SourceQuality "1"]

1. d4 d5 2. c4 c6 3. cxd5 cxd5 4. Nc3 Nf6 5. Nf3 Bf5 6. Qb3 b6 7. Bf4 Nc6 8. e3 Rc8 9. Ba6 Ra8 10. 0-0 Na5 11. Qd1 Ne4 12. Nb5 Nd6 13. Nxd6+ exd6 14. b4 Nc4 15. Bb7 Rb8 16. Bxd5 Rc8 17. Qb3 Be6 18. Bxe6 fxe6 19. Rfc1 d5 20. Ne5 Nxe5 21. Bxe5 Qd7 22. h3 Kf7 23. a3 Be7 24. Qd1 Rhf8 25. Qe2 Rc6 26. b5 Rxc1+ 27. Rxc1 Bxa3 28. Rc7 1-0

[Event "Hessen-ch U14/18 Girls"]
[Site "Bad Homburg"]
[Date "2005.??.??"]
[Round "4"]
[White "Popovic, Nathalie"]
[Black "Schmuklermann, Alexandra"]
[Result "1-0"]
[WhiteElo "1560"]
[BlackElo "1088"]
[PlyCount "61"]
[EventDate "2005.04.??"]
[EventType "swiss"]
[EventRounds "8"]
[EventCountry "GER"]
[SourceTitle "EXT 2007"]
[Source "ChessBase"]
[SourceDate "2006.11.23"]
[SourceVersion "1"]
[SourceVersionDate "2006.11.23"]
[SourceQuality "1"]

1. d4 d5 2. c4 c6 3. cxd5 cxd5 4. Nc3 Nf6 5. Bg5 e6 6. Nf3 Bb4 7. Qa4+ Nc6 8. e3 a6 9. Bd3 0-0 10. 0-0 Bd7 11. Qc2 h6 12. Bh4 Rc8 13. Ne5 Be7 14. f4 Nb4 15. Qe2 Nxd3 16. Qxd3 Bc6 17. f5 Bb4 18. fxe6 fxe6 19. Qg6 Be8 20. Qg3 Qe7 21. Ng4 Kh7 22. Bxf6 gxf6 23. Qh4 Qg7 24. Nxf6+ Kh8 25. Ng4 Rxf1+ 26. Rxf1 Kh7 27. Rf6 Bg6 28. Rxe6 Rf8 29. Nxd5 Ba5 30. Ndf6+ Kh8 31. Nxh6 1-0

[Event "Rhein Main op 07th"]
[Site "Bad Homburg"]
[Date "2004.06.13"]
[Round "7.46"]
[White "Sefeloge, Michael"]
[Black "Popovic, Nathalie"]
[Result "0-1"]
[WhiteElo "1704"]
[BlackElo "1589"]
[PlyCount "92"]
[EventDate "2004.06.09"]
[EventType "swiss"]
[EventRounds "7"]
[EventCountry "GER"]
[SourceTitle "CBM 100 Extra"]
[Source "ChessBase"]
[SourceDate "2004.07.06"]
[SourceVersion "2"]
[SourceVersionDate "2004.07.06"]
[SourceQuality "1"]

1. d4 d5 2. Nf3 Nf6 3. e3 Bg4 4. Be2 e6 5. 0-0 Bd6 6. Nbd2 0-0 7. b3 Nbd7 8. Bb2 Re8 9. Rc1 c6 10. c4 Qc7 11. c5 Be7 12. h3 Bh5 13. Qc2 Bg6 14. Bd3 Bxd3 15. Qxd3 Kh8 16. b4 Rg8 17. Rfe1 g5 18. Ne5 Rg7 19. e4 Nxe5 20. dxe5 Nh5 21. g3 Rag8 22. Qf3 g4 23. hxg4 Nxg3 24. fxg3 Rxg4 25. Nf1 Bh4 26. Kh2 Qe7 27. Rc3 dxe4 28. Rxe4 Bxg3+ 29. Nxg3 Qh4+ 30. Kg2 Rxg3+ 31. Qxg3 Qxe4+ 32. Kh3 Rxg3+ 33. Rxg3 Qxb4 34. Bc1 Qxc5 35. Bd2 Qc2 36. Be3 Qf5+ 37. Rg4 Qf3+ 38. Rg3 Qh5+ 39. Kg2 Qxe5 40. Bh6 c5 41. Be3 b6 42. Bg5 c4 43. Be7 c3 44. Bb4 Qxg3+ 45. Kxg3 c2 46. Bd2 Kg7 0-1

[Event "Bad Zwesten op 8th"]
[Site "Bad Zwesten"]
[Date "2004.01.06"]
[Round "7"]
[White "Popovic, Nathalie"]
[Black "Gruenwald, Sven"]
[Result "1-0"]
[WhiteElo "1289"]
[BlackElo "1245"]
[PlyCount "67"]
[EventDate "2004.01.??"]
[EventType "swiss"]
[EventRounds "9"]
[EventCountry "GER"]
[SourceTitle "CBM 098 Extra"]
[Source "ChessBase"]
[SourceDate "2004.03.10"]
[SourceVersion "2"]
[SourceVersionDate "2004.03.10"]
[SourceQuality "1"]

1. d4 d5 2. c4 e6 3. Nc3 Nf6 4. Bg5 Bd7 5. cxd5 exd5 6. Bxf6 Qxf6 7. Nxd5 Qc6 8. Nc3 Bb4 9. Rc1 0-0 10. e3 Be6 11. a3 Bxc3+ 12. Rxc3 Qb6 13. Qc2 Nc6 14. Nf3 Rfe8 15. Bd3 h6 16. 0-0 Rad8 17. b4 a5 18. b5 Na7 19. Rxc7 Nxb5 20. Bxb5 Qxb5 21. Rb1 Qd5 22. Rbxb7 Rc8 23. Qb2 Bh3 24. Rxf7 Be6 25. Rxg7+ Kh8 26. Rh7+ Kg8 27. Rbg7+ Kf8 28. Ne5 Bf5 29. Nd7+ Bxd7 30. Rxd7 Qb3 31. Rh8+ Qg8 32. Rxg8+ Kxg8 33. Qb1 Re4 34. h3 1-0

[Event "Bad Zwesten op 8th"]
[Site "Bad Zwesten"]
[Date "2004.01.05"]
[Round "6"]
[White "Rafiee, Makan"]
[Black "Popovic, Nathalie"]
[Result "1-0"]
[WhiteElo "1647"]
[BlackElo "1289"]
[PlyCount "75"]
[EventDate "2004.01.??"]
[EventType "swiss"]
[EventRounds "9"]
[EventCountry "GER"]
[SourceTitle "CBM 098 Extra"]
[Source "ChessBase"]
[SourceDate "2004.03.10"]
[SourceVersion "2"]
[SourceVersionDate "2004.03.10"]
[SourceQuality "1"]

1. e4 e6 2. d4 d5 3. Nd2 Nf6 4. e5 Nfd7 5. c3 c5 6. Bd3 Nc6 7. Ndf3 Be7 8. Nh3 cxd4 9. cxd4 Qa5+ 10. Bd2 Bb4 11. a3 Bxd2+ 12. Qxd2 Qxd2+ 13. Kxd2 Nb6 14. b3 Bd7 15. Kc2 0-0 16. Kb2 Rfc8 17. Nf4 a5 18. Ne2 Na7 19. Nd2 Bb5 20. Bxb5 Nxb5 21. a4 Na7 22. f4 Nc6 23. Nf3 Nb4 24. Ne1 Rc6 25. g4 Rac8 26. Rc1 Rxc1 27. Nxc1 Nd7 28. Ncd3 Nxd3+ 29. Nxd3 b6 30. f5 Rc6 31. Rf1 Rc8 32. Nf4 Rc6 33. g5 Nf8 34. h4 Rc8 35. h5 exf5 36. Nxd5 Rd8 37. Ne7+ Kh8 38. Rxf5 1-0

[Event "GER-ch Lands U20"]
[Site "Kassel"]
[Date "2003.10.19"]
[Round "1.7"]
[White "Popovic, Nathalie"]
[Black "Goergen, Barbara"]
[Result "0-1"]
[WhiteElo "1409"]
[BlackElo "1758"]
[PlyCount "86"]
[EventDate "2003.10.19"]
[EventType "team"]
[EventRounds "7"]
[EventCountry "GER"]
[SourceTitle "EXT 2004"]
[Source "ChessBase"]
[SourceDate "2003.11.25"]
[SourceVersion "1"]
[SourceVersionDate "2003.11.25"]
[SourceQuality "1"]

1. d4 d5 2. c4 c6 3. cxd5 cxd5 4. Nc3 Nf6 5. Nf3 Nc6 6. Bg5 a6 7. e3 Bg4 8. Be2 e6 9. 0-0 Be7 10. Rc1 0-0 11. Na4 h6 12. Bh4 Ne4 13. Bxe7 Qxe7 14. Nc5 Nxc5 15. Rxc5 Rfc8 16. Qc2 Rc7 17. Rc1 Rac8 18. a3 Bf5 19. Qc3 b6 20. Bxa6 bxc5 21. Bxc8 Rxc8 22. dxc5 Qb7 23. b4 Ra8 24. Nd4 Nxd4 25. exd4 Rb8 26. c6 Qa6 27. c7 Rc8 28. Qc6 Qxa3 29. b5 Bd3 30. b6 Bc4 31. Rd1 Qb3 32. Rc1 Qb2 33. Re1 Qd2 34. Rb1 Qa2 35. Rc1 Qb2 36. Rd1 Ba6 37. h3 Rf8 38. Rc1 Bc8 39. Qc2 Qxb6 40. Qc5 Qxc5 41. Rxc5 Bd7 42. Kf1 Rc8 43. Ke2 Kf8 0-1

[Event "Dortmund op-B"]
[Site "Dortmund"]
[Date "2003.08.09"]
[Round "8"]
[White "Wolkow, Michael"]
[Black "Popovic, Nathalie"]
[Result "1-0"]
[WhiteElo "1534"]
[BlackElo "1409"]
[PlyCount "137"]
[EventDate "2003.08.01"]
[EventType "swiss"]
[EventRounds "9"]
[EventCountry "GER"]
[SourceTitle "CBM 095 Extra"]
[Source "ChessBase"]
[SourceDate "2003.09.04"]
[SourceVersion "1"]
[SourceVersionDate "2003.09.04"]
[SourceQuality "1"]

1. e4 e6 2. d4 d5 3. exd5 exd5 4. Bd3 Nc6 5. c3 Bd6 6. Qf3 Nge7 7. Ne2 Be6 8. Bf4 Ng6 9. Bxd6 Qxd6 10. Qg3 0-0-0 11. 0-0 Nce7 12. Qxd6 Rxd6 13. Ng3 h5 14. Ne2 Nf5 15. Nd2 Nge7 16. Nf3 f6 17. Nf4 Bd7 18. h4 Rg8 19. Rfe1 g5 20. hxg5 fxg5 21. Nxh5 g4 22. Ne5 Rh6 23. Nf4 Rgh8 24. Kf1 Rg8 25. Nxd7 Kxd7 26. Bxf5+ Nxf5 27. Nxd5 Rh1+ 28. Ke2 Re8+ 29. Kd2 Rexe1 30. Rxe1 Rh2 31. Nf6+ Kd6 32. Rg1 Nh4 33. Nxg4 Rxg2 34. Rxg2 Nxg2 35. Ne3 Nf4 36. Nf5+ Ke6 37. Ng7+ Kf7 38. Nf5 Kf6 39. Ne3 Ke6 40. Nc4 Kf5 41. Na5 b6 42. Nc6 a6 43. Ne5 Ke6 44. Ke3 Kf5 45. Kf3 Nd5 46. Nc4 Nf4 47. d5 Nxd5 48. Ne3+ Nxe3 49. Kxe3 Ke5 50. b3 c6 51. a3 b5 52. b4 Kd5 53. Kf4 Kc4 54. Ke5 Kxc3 55. f4 Kb3 56. f5 Kxa3 57. f6 Kxb4 58. f7 a5 59. f8Q+ Ka4 60. Qc5 b4 61. Qxc6+ Ka3 62. Qb5 a4 63. Kd4 Kb3 64. Kc5 a3 65. Qxb4+ Ka2 66. Qd2+ Kb1 67. Kb4 a2 68. Kb3 a1Q 69. Qd1# 1-0

[Event "Dortmund op-B"]
[Site "Dortmund"]
[Date "2003.08.08"]
[Round "7"]
[White "Popovic, Nathalie"]
[Black "Gruenwald, Sven"]
[Result "1-0"]
[WhiteElo "1409"]
[BlackElo "1199"]
[PlyCount "77"]
[EventDate "2003.08.01"]
[EventType "swiss"]
[EventRounds "9"]
[EventCountry "GER"]
[SourceTitle "CBM 095 Extra"]
[Source "ChessBase"]
[SourceDate "2003.09.04"]
[SourceVersion "1"]
[SourceVersionDate "2003.09.04"]
[SourceQuality "1"]

1. d4 d5 2. c4 e6 3. Nc3 Nf6 4. Bg5 Nbd7 5. Nf3 Be7 6. e3 b6 7. Bd3 h6 8. Bf4 c5 9. Nb5 0-0 10. 0-0 Bb7 11. Qd2 Ne4 12. Bxe4 dxe4 13. Ne5 Nxe5 14. Bxe5 f6 15. Bg3 e5 16. Rfd1 exd4 17. Nc7 Rc8 18. Ne6 dxe3 19. Qxe3 Qe8 20. Nxf8 Bxf8 21. Rd2 Rd8 22. Rad1 Rxd2 23. Qxd2 Qc6 24. b3 b5 25. cxb5 Qxb5 26. Rc1 Qc6 27. Qc2 Qd5 28. Rd1 Qc6 29. Qc4+ Kh8 30. Rd8 e3 31. Rxf8+ Kh7 32. Qc2+ g6 33. fxe3 Qe6 34. Qxc5 Qd7 35. Qd6 Qxd6 36. Bxd6 Kg7 37. Rd8 Be4 38. Rd7+ Kg8 39. Rxa7 1-0

[Event "GER-ch U14 Girls"]
[Site "Willingen"]
[Date "2003.06.14"]
[Round "9"]
[White "Weber, Kristina"]
[Black "Popovic, Nathalie"]
[Result "1-0"]
[WhiteElo "1363"]
[BlackElo "1334"]
[PlyCount "119"]
[EventDate "2003.06.08"]
[EventType "swiss"]
[EventRounds "9"]
[EventCountry "GER"]
[SourceTitle "CBM 094 Extra"]
[Source "ChessBase"]
[SourceDate "2003.07.09"]
[SourceVersion "2"]
[SourceVersionDate "2003.07.09"]
[SourceQuality "1"]

1. d4 d5 2. c4 e6 3. Nc3 Nf6 4. Bg5 Be7 5. e3 0-0 6. Bd3 dxc4 7. Bxc4 a6 8. a4 Nbd7 9. Nge2 b6 10. 0-0 Bb7 11. Rc1 Rc8 12. Bd3 c5 13. f3 e5 14. Bb1 Re8 15. Bxf6 Bxf6 16. d5 Bg5 17. Qd3 g6 18. Ne4 Bh6 19. Nd6 Nf6 20. Nxc8 Qxc8 21. Ba2 Rd8 22. Rcd1 Qd7 23. e4 Qxa4 24. Qb3 Qxb3 25. Bxb3 Ne8 26. Nc3 Nd6 27. Kf2 b5 28. Ra1 Ra8 29. Bc2 Nc4 30. Nd1 f6 31. b3 Nd6 32. Ne3 Kf7 33. g4 Bf4 34. h3 Kg7 35. Rfd1 h6 36. Ng2 g5 37. Nxf4 gxf4 38. Rdc1 c4 39. bxc4 Nxc4 40. Bb3 Rc8 41. Bxc4 bxc4 42. Rc3 Kf7 43. Ra4 Ke7 44. Raxc4 Rxc4 45. Rxc4 Kd6 46. Ke2 Kd7 47. Rb4 Bc8 48. Rb6 Ke7 49. Kd3 Bd7 50. Kc4 Bb5+ 51. Kc5 Be2 52. Rb7+ Kd8 53. d6 Bb5 54. Kd5 Kc8 55. Re7 Bd7 56. Rf7 a5 57. Kc5 a4 58. Kb4 Kd8 59. Rxf6 Ke8 60. Rxh6 1-0